000 00881cam a22002295a 4500
001 L137258
008 070327s2007 xxkao f 000 0 eng d
020 _a9781860819186
035 _a(Sirsi) u137258
041 0 _aeng
050 0 4 _a627.4 $2 18
110 2 _aBuilding Research Establishment
245 0 0 _aSoakaway design
260 _aWatford
_bIHS BRE Press
_c2007
300 _a8p.
_bill.
_c30cm.
490 0 _aBRE Digest
_v365
520 _aDescribes design and construction procedures for soakaways, explains how to calculate rainfall design values and soil infiltration rates, and gives design examples. Supersedes 1991 edition.
520 _aSuperseded by 2016 revised edition (ISBN 9781848069186).
651 4 _aUnited Kingdom
_y
690 _aENVIRONMENTAL AND LAND CONSULTANCY-WATER RESOURCE MANAGEMENT-DRAINAGE-SUSTAINABLE URBAN DRAINAGE SYSTEMS
942 _n0
999 _c106704
_d106704